<?xml version="1.0" encoding="UTF-8"?>
<record
    xmlns:xsi="http://www.w3.org/2001/XMLSchema-instance"
    xsi:schemaLocation="http://www.loc.gov/MARC21/slim http://www.loc.gov/standards/marcxml/schema/MARC21slim.xsd"
    xmlns="http://www.loc.gov/MARC21/slim">

  <leader>00741nab a2200217uuc4500</leader>
  <controlfield tag="001">1422806</controlfield>
  <controlfield tag="005">20240423135848.0</controlfield>
  <controlfield tag="008">151001e20140605                    spa  </controlfield>
  <datafield tag="035" ind1=" " ind2=" ">
    <subfield code="a">1422806</subfield>
  </datafield>
  <datafield tag="040" ind1=" " ind2=" ">
    <subfield code="c">comduadb</subfield>
  </datafield>
  <datafield tag="041" ind1=" " ind2=" ">
    <subfield code="a">spa</subfield>
  </datafield>
  <datafield tag="100" ind1="1" ind2="0">
    <subfield code="a">&#xC1;lvarez Ram&#xED;rez, Adaneys</subfield>
    <subfield code="4">aut</subfield>
    <subfield code="e">aut</subfield>
    <subfield code="9">653323</subfield>
  </datafield>
  <datafield tag="245" ind1="1" ind2="0">
    <subfield code="a">Contrato psicol&#xF3;gico y bienestar laboral</subfield>
  </datafield>
  <datafield tag="650" ind1=" " ind2=" ">
    <subfield code="a">Contrato psicol&#xF3;gico</subfield>
    <subfield code="9">140319</subfield>
  </datafield>
  <datafield tag="650" ind1=" " ind2=" ">
    <subfield code="a">Bienestar laboral</subfield>
    <subfield code="9">4738</subfield>
  </datafield>
  <datafield tag="650" ind1=" " ind2=" ">
    <subfield code="a">Gesti&#xF3;n humana</subfield>
    <subfield code="9">91830</subfield>
  </datafield>
  <datafield tag="650" ind1=" " ind2=" ">
    <subfield code="a">Vida laboral</subfield>
    <subfield code="9">189151</subfield>
  </datafield>
  <datafield tag="700" ind1="1" ind2="0">
    <subfield code="a">Racero L&#xF3;pez, Viviana</subfield>
    <subfield code="4">aut</subfield>
    <subfield code="e">aut</subfield>
    <subfield code="9">751997</subfield>
  </datafield>
  <datafield tag="773" ind1="0" ind2=" ">
    <subfield code="t">P&#xE1;ginas : Revista Acad&#xE9;mica e Institucional de la U.C.P. (Pereira)</subfield>
    <subfield code="g">N&#xFA;mero 095, Enero-Junio de 2014, 61-70</subfield>
    <subfield code="w">711905</subfield>
    <subfield code="x">0121-1633</subfield>
    <subfield code="0">227339</subfield>
  </datafield>
  <datafield tag="942" ind1=" " ind2=" ">
    <subfield code="c">ARIMP</subfield>
  </datafield>
  <datafield tag="999" ind1=" " ind2=" ">
    <subfield code="c">728587</subfield>
    <subfield code="d">728587</subfield>
  </datafield>
</record>
